Raspoznavanije obrazov i mašinnoje ponimanije jestestvennogo jazyka /

Salvato in:
Dettagli Bibliografici
Autore principale: Fajn, Vitalij S (Autore)
Natura: Libro
Lingua:russo
Pubblicazione: Moskva : Nauka, 1987
Tags: Aggiungi Tag
Nessun Tag, puoi essere il primo ad aggiungerne!!

MARC

LEADER 00000nam a22000003a 4500
001 stu4050
005 20150617225810.0
008 930610s1987----xxr-----------------rus-d
040 |a STU  |b slo 
041 0 |a rus 
044 |a xxr 
080 |a 681.32.015 
080 |a 534.78 
080 |a 519.766 
100 1 |a Fajn, Vitalij S  |4 aut 
245 1 |a Raspoznavanije obrazov i mašinnoje ponimanije jestestvennogo jazyka /  |c [aut.] Fajn,V.S 
260 |a Moskva :  |b Nauka,  |c 1987 
300 |a 172 s 
996 |b I3627  |c I*3627  |l II680  |s A  |a 24  |w stu4050_0001